Biện pháp quản lý hoạt động tự đánh giá của trường Cao đẳng Đức Trí - Đà Nẵng
Cơ sở lý luận về quản lý hoạt động tự đánh giá. Thực trạng quản lý hoạt động tự đánh giá của trường Cao đẳng Đức Trí - Đà Nẵng. Biện pháp quản lý hoạt động tự đánh giá của trường Cao đẳng Đức Trí Đà Nẵng.
Đã lưu trong:
| Tác giả chính: | |
|---|---|
| Tác giả khác: | |
| Định dạng: | Sách |
| Ngôn ngữ: | Vietnamese |
| Được phát hành: |
Đà Nẵng
Đại học Đà Nẵng
2011
|
| Những chủ đề: | |
| Các nhãn: |
Thêm thẻ
Không có thẻ, Là người đầu tiên thẻ bản ghi này!
|
| Thư viện lưu trữ: | Mạng thư viện Đại học Đà Nẵng |
|---|
| LEADER | 01709nam a2200349 4500 | ||
|---|---|---|---|
| 001 | 000010771 | ||
| 003 | 6987 | ||
| 005 | 20111220141253.0 | ||
| 008 | 111220s2011 viesd | ||
| 041 | |a vie | ||
| 072 | |a Luận văn Thạc sĩ khoa học giáo dục | ||
| 082 | |a 375.006 |b ĐO-H | ||
| 100 | 1 | |a Đoàn Việt Hùng | |
| 245 | 1 | |a Biện pháp quản lý hoạt động tự đánh giá của trường Cao đẳng Đức Trí - Đà Nẵng |c Đoàn Việt Hùng | |
| 260 | |a Đà Nẵng |b Đại học Đà Nẵng |c 2011 | ||
| 300 | |a 106 tr. |c 29 cm |e 1 tóm tắt, 1 đĩa CD | ||
| 500 | |a Luận văn Thạc sĩ Khoa học giáo dục. Chuyên ngành: Quản lý giáo dục. Mã số: 60.14.05 | ||
| 520 | |a Cơ sở lý luận về quản lý hoạt động tự đánh giá. Thực trạng quản lý hoạt động tự đánh giá của trường Cao đẳng Đức Trí - Đà Nẵng. Biện pháp quản lý hoạt động tự đánh giá của trường Cao đẳng Đức Trí Đà Nẵng. | ||
| 653 | |a Quản lý giáo dục | ||
| 653 | |a Luận văn Thạc sĩ Khoa học giáo dục | ||
| 653 | |a Trường Cao đẳng Đức Trí Đà Nẵng | ||
| 700 | 1 | |a Nguyễn Sỹ Thư |c TS |e Hướng dẫn | |
| OWN | |a LSP | ||
| AVA | |a UDN50 |b LSP |d 375.006 ĐO-H |e available |t Error 5001 Not defined in file expand_doc_bib_avail. |f 1 |g 0 |h N |i 0 |k 1 | ||
| 999 | |a From the UDN01 | ||
| AVA | |a UDN50 |b LSP |d 375.006 ĐO-H |e available |t Error 5001 Not defined in file expand_doc_bib_avail. |f 1 |g 0 |h N |i 0 |k 1 | ||
| TYP | |a Monograph | ||
| TYP | |a Printed language | ||
| 980 | |a Mạng thư viện Đại học Đà Nẵng | ||